书目信息 |
| 题名: |
初等数学复习及研究
|
|
| 作者: | 朱德祥 , 朱维宗 编著 | |
| 分册: | 立体几何 | |
| 出版信息: | 哈尔滨 哈尔滨工业大学出版社 2010 |
|
| 页数: | 313页 | |
| 开本: | 23cm | |
| 丛书名: | ||
| 单 册: | ||
| 中图分类: | O12 , O123.2 | |
| 科图分类: | ||
| 主题词: | 初等数学--师范大学--教学参考资料 , 立体几何--师范大学--教学参考资料 , 初等数学 , 立体几何 | |
| 电子资源: | ||
| ISBN: | 978-7-5603-3002-0 | |
| 000 | 01026nam0 2200289 45 | |
| 001 | 1138549156 | |
| 005 | 20110419102023.01 | |
| 010 | @a978-7-5603-3002-0@dCNY38.00 | |
| 100 | @a20110408d2010 em y0chiy50 ea | |
| 101 | 0 | @achi |
| 102 | @aCN@b230000 | |
| 105 | @ay z 000yy | |
| 106 | @ar | |
| 200 | 1 | @a初等数学复习及研究@AChu Deng Shu Xue Fu Xi Ji Yan Jiu@i立体几何@ILi Ti Ji He@f朱德祥,朱维宗编著@FZhu De Xiang, Zhu Wei Zong Bian Zhu |
| 210 | @a哈尔滨@c哈尔滨工业大学出版社@d2010 | |
| 215 | @a313页@d23cm | |
| 330 | @a本书以中学平面几何和立体几何为基础写成,全书内容分为五章,分论空间直线与平面、球与轨迹、初等几何变换、面积和体积、简单球面几何与球面三角。 | |
| 606 | 0 | @a初等数学@x师范大学@j教学参考资料 |
| 606 | 0 | @a立体几何@x师范大学@j教学参考资料 |
| 606 | 0 | @a初等数学 |
| 606 | 0 | @a立体几何 |
| 690 | @aO12@v4 | |
| 690 | @aO123.2@v4 | |
| 701 | 0 | @a朱德祥@AZhu De Xiang@f(1911~)@4编著 |
| 701 | 0 | @a朱维宗@AZhu Wei Zong@4编著 |
| 801 | 0 | @aCN@bTANGWEI@c20110419 |
| 905 | @b0536792-96@dO12@e131@f5 | |
| 初等数学复习及研究.立体几何/朱德祥,朱维宗编著.-哈尔滨:哈尔滨工业大学出版社,2010 |
| 313页;23cm |
| ISBN 978-7-5603-3002-0:CNY38.00 |
| 本书以中学平面几何和立体几何为基础写成,全书内容分为五章,分论空间直线与平面、球与轨迹、初等几何变换、面积和体积、简单球面几何与球面三角。 |
| ● |
| 相关链接 |
|
|
|
|
正题名:初等数学复习及研究
索取号:O12/131
 
预约/预借
| 序号 | 登录号 | 条形码 | 馆藏地/架位号 | 状态 | 备注 |
| 1 | 0536792 | 205367921 | 第二样本阅览室/ [索取号:O12/131] | 在馆 | |
| 2 | 0536793 | 205367930 | 第三借阅区/ [索取号:O12/131] | 在馆 | |
| 3 | 0536794 | 205367949 | 第三借阅区/ [索取号:O12/131] | 在馆 | |
| 4 | 0536795 | 205367958 | 第三借阅区/ [索取号:O12/131] | 在馆 | |
| 5 | 0536796 | 205367967 | 第三借阅区/ [索取号:O12/131] | 在馆 |